[Event "M.Chigorin Memorial"]
[Site "St. Petersburg RUS"]
[Date "2009.10.17"]
[Round "2.20"]
[White "Vidit, Santosh Gujrathi"]
[Black "Burmakin, Vladimir"]
[Result "1/2-1/2"]
[WhiteElo "2423"]
[BlackElo "2599"]
[PlyCount "37"]
[EventDate "2009.??.??"]

1. d4 d5 2. c4 c6 3. Nc3 Nf6 4. e3 e6 5. Nf3 Nbd7 6. Qc2 Bd6 7. b3 Qe7 8. Be2
O-O 9. O-O Re8 10. Bb2 Nf8 11. e4 dxe4 12. Nxe4 Nxe4 13. Qxe4 Ng6 14. Rfe1 b6
15. Qc2 Bb7 16. Bd3 c5 17. d5 Qd7 18. dxe6 Rxe6 19. Rxe6 1/2-1/2

[Event "M.Chigorin Memorial"]
[Site "St. Petersburg RUS"]
[Date "2009.10.17"]
[Round "2.21"]
[White "Bukavshin, Ivan"]
[Black "Popov, Valerij"]
[Result "0-1"]
[WhiteElo "2417"]
[BlackElo "2595"]
[PlyCount "62"]
[EventDate "2009.??.??"]

1. e4 c6 2. d4 d5 3. Nc3 dxe4 4. Nxe4 Bf5 5. Ng3 Bg6 6. h4 h6 7. Nf3 Nd7 8. h5
Bh7 9. Bd3 Bxd3 10. Qxd3 e6 11. Bd2 Ngf6 12. O-O-O Be7 13. Qe2 Qc7 14. Ne5 O-O
15. Ng6 Rfe8 16. Nxe7+ Rxe7 17. Nf5 Ree8 18. Nxh6+ gxh6 19. Rh3 Kh7 20. Rf3 Rg8
21. Qe3 Rg5 22. Qd3+ Kh8 23. Bxg5 hxg5 24. g4 b5 25. Re1 Qd6 26. Kb1 a5 27. Qd2
Qd5 28. Rh3 Ne4 29. Qe3 Nd6 30. f4 Rg8 31. Rf3 Nc4 0-1

[Event "M.Chigorin Memorial"]
[Site "St. Petersburg RUS"]
[Date "2009.10.17"]
[Round "2.22"]
[White "Turov, Maxim"]
[Black "Skomorokhin, Roman"]
[Result "1-0"]
[WhiteElo "2595"]
[BlackElo "2413"]
[PlyCount "73"]
[EventDate "2009.??.??"]

1. c4 Nf6 2. d4 c5 3. d5 b5 4. cxb5 a6 5. e3 g6 6. Nc3 Bg7 7. a4 O-O 8. Nf3 d6
9. e4 Nbd7 10. Nd2 axb5 11. Bxb5 Ba6 12. O-O Ne8 13. Nc4 Bxb5 14. Nxb5 Nb6 15.
Qc2 Nxc4 16. Qxc4 Nc7 17. Rb1 Qd7 18. Nxc7 Qxc7 19. Bd2 Rfb8 20. b3 Qb7 21. f4
Qa6 22. Rfc1 Bd4+ 23. Kf1 Qc8 24. a5 Qg4 25. Qd3 e6 26. Qh3 Qxh3 27. gxh3 exd5
28. exd5 Rb5 29. Rc4 Rab8 30. Ra4 Rxb3 31. Rxb3 Rxb3 32. a6 c4 33. Rxc4 Bc5 34.
Rxc5 dxc5 35. d6 Kf8 36. Ba5 Rb8 37. d7 1-0

[Event "M.Chigorin Memorial"]
[Site "St. Petersburg RUS"]
[Date "2009.10.17"]
[Round "2.23"]
[White "Malakhov, Igor"]
[Black "Deviatkin, Andrei"]
[Result "0-1"]
[WhiteElo "2414"]
[BlackElo "2593"]
[PlyCount "204"]
[EventDate "2009.??.??"]

1. e4 c6 2. d4 d5 3. Nc3 dxe4 4. Nxe4 Bf5 5. Ng3 Bg6 6. h4 h6 7. Nf3 Nf6 8. h5
Bh7 9. Bd3 Bxd3 10. Qxd3 e6 11. Bf4 Qd5 12. c4 Qa5+ 13. Bd2 Bb4 14. O-O Bxd2
15. Nxd2 O-O 16. c5 Nbd7 17. Nc4 Qc7 18. Rac1 Qf4 19. Rfd1 Rfd8 20. Qe3 Qg4 21.
Rd3 Nxh5 22. Nxh5 Qxh5 23. Na5 Rab8 24. Rb3 Nf6 25. Nxb7 Rd5 26. Qf4 e5 27.
dxe5 Rxe5 28. Rh3 Qe2 29. Re3 Rxe3 30. Qxb8+ Re8 31. Qc7 Ne4 32. Qf4 g5 33. Qe3
Qxb2 34. Na5 Re6 35. Rd1 Nc3 36. Rd8+ Kg7 37. Qd4+ Rf6 38. Kh2 Qc1 39. Rd6 Qf4+
40. Qxf4 Rxf4 41. Nxc6 Rxf2 42. Nd8 Ne4 43. Ra6 Nxc5 44. Rxa7 Kg6 45. Kg1 Rf4
46. g3 Rg4 47. Kh2 f6 48. Nc6 Re4 49. Ne7+ Kh5 50. Nd5 Re2+ 51. Kg1 Kg4 52.
Nxf6+ Kxg3 53. Ra3+ Kf4 54. Nd5+ Kg4 55. Nf6+ Kf5 56. Kf1 Rb2 57. Rf3+ Kg6 58.
Ng4 h5 59. Ne5+ Kg7 60. Rf7+ Kg8 61. Ra7 Ne4 62. Ra4 Ng3+ 63. Kg1 Kg7 64. Ra6
Ne4 65. Rg6+ Kh7 66. Re6 Ng3 67. Rg6 Ne4 68. Re6 Nf2 69. Re7+ Kh6 70. Nf7+ Kg6
71. Nh8+ Kh6 72. Nf7+ Kg7 73. Nxg5+ Kg6 74. Ne4 Nh3+ 75. Kf1 h4 76. Nc3 Rf2+
77. Ke1 Rf3 78. Nd1 Nf4 79. Nf2 h3 80. Nxh3 Rxh3 81. Kd2 Kf5 82. Kc2 Ne6 83.
Kb2 Ke5 84. Rd7 Nd4 85. a4 Ke4 86. Re7+ Kd3 87. Rc7 Rh8 88. Rc3+ Kd2 89. Rg3
Rb8+ 90. Ka2 Ne2 91. Rg2 Kd3 92. Ka3 Nd4 93. Rg3+ Kc4 94. Ka2 Rh8 95. Rg2 Rh3
96. Kb2 Kb4 97. Rg4 Rb3+ 98. Kc1 Rd3 99. Rg8 Nb3+ 100. Kb1 Rd1+ 101. Kc2 Rd2+
102. Kb1 Ka3 0-1

[Event "M.Chigorin Memorial"]
[Site "St. Petersburg RUS"]
[Date "2009.10.17"]
[Round "2.24"]
[White "Zhou, Weiqi"]
[Black "Svetlov, Dmitry"]
[Result "1/2-1/2"]
[WhiteElo "2593"]
[BlackElo "2399"]
[PlyCount "149"]
[EventDate "2009.??.??"]

1. d4 Nf6 2. c4 g6 3. Nc3 d5 4. cxd5 Nxd5 5. Bd2 Bg7 6. e4 Nb6 7. Be3 O-O 8.
Bb5 Qd6 9. Nge2 c6 10. e5 Qd8 11. Bd3 Bg4 12. O-O Na6 13. Bxa6 bxa6 14. h3 Be6
15. Nf4 Bc4 16. Re1 f6 17. Qc2 Bf7 18. Rad1 Qc8 19. e6 Bxe6 20. Nxe6 Qxe6 21.
d5 Nxd5 22. Bc5 Qc8 23. Qb3 Rf7 24. Bxe7 Rb8 25. Qc4 Qb7 26. Nxd5 cxd5 27. Rxd5
Rc8 28. Rd8+ Rxd8 29. Bxd8 Qb5 30. Qe6 Qxb2 31. Qxa6 Bf8 32. Qc4 Kg7 33. Ba5
Qa3 34. Bc3 Qc5 35. Qxc5 Bxc5 36. Re6 Bb6 37. Rc6 Bd8 38. g4 Kf8 39. Bd4 Rd7
40. Bxf6 Bb6 41. Rc2 Kf7 42. Bg5 Rd5 43. Bf4 h5 44. Kg2 hxg4 45. hxg4 Ra5 46.
Kg3 Ra3+ 47. f3 Ke6 48. Rc6+ Kf7 49. Be5 Bd8 50. Rc2 Be7 51. Kf4 Ke6 52. Re2
Kf7 53. Ke4 Ke6 54. Bd4 Bf6 55. Kf4+ Kf7 56. Bxf6 Kxf6 57. g5+ Kf7 58. Kg4 Ra4+
59. f4 Ra3 60. Rc2 Kg7 61. Rf2 Kg8 62. Rd2 Kg7 63. Rf2 Kg8 64. f5 Ra4+ 65. Rf4
gxf5+ 66. Kxf5 Rxa2 67. Rc4 Rf2+ 68. Kg6 Rf8 69. Rc7 Ra8 70. Rg7+ Kh8 71. Rh7+
Kg8 72. Kh6 a5 73. Rg7+ Kh8 74. Rh7+ Kg8 75. Rg7+ 1/2-1/2

[Event "M.Chigorin Memorial"]
[Site "St. Petersburg RUS"]
[Date "2009.10.17"]
[Round "2.25"]
[White "Gorovykh, Eduard"]
[Black "Epishin, Vladimir"]
[Result "0-1"]
[WhiteElo "2403"]
[BlackElo "2590"]
[PlyCount "52"]
[EventDate "2009.??.??"]

1. e4 c5 2. Nf3 a6 3. c4 e6 4. Nc3 Qc7 5. d4 cxd4 6. Nxd4 Nf6 7. a3 Be7 8. Be2
O-O 9. Be3 Nc6 10. O-O Ne5 11. Rc1 d6 12. f3 Bd7 13. Qd2 Rac8 14. h3 Qb8 15. b3
Ng6 16. b4 Rc7 17. f4 e5 18. Nf5 Bxf5 19. exf5 Nxf4 20. Bxf4 exf4 21. Qxf4 d5
22. c5 b6 23. Na4 bxc5 24. bxc5 Ne4 25. Qe5 Re8 26. Qxd5 Bg5 0-1

[Event "M.Chigorin Memorial"]
[Site "St. Petersburg RUS"]
[Date "2009.10.17"]
[Round "2.26"]
[White "Romanov, Evgeny"]
[Black "Kosov, Ivan"]
[Result "1-0"]
[WhiteElo "2588"]
[BlackElo "2396"]
[PlyCount "72"]
[EventDate "2009.??.??"]

1. Nf3 c5 2. c4 b6 3. d4 cxd4 4. Nxd4 Bb7 5. Nc3 Nf6 6. Bg5 e6 7. Ndb5 d6 8.
Bf4 e5 9. Bg5 a6 10. Bxf6 gxf6 11. Na3 f5 12. e3 Nd7 13. Nc2 Rg8 14. Nb4 Rc8
15. Nbd5 Rg5 16. h4 Rg4 17. Qf3 Bg7 18. Qxf5 Rxh4 19. Ne4 Rxe4 20. Qxe4 Kf8 21.
Qh4 Nf6 22. Nxf6 Bxf6 23. Qxh7 b5 24. Qh8+ Bxh8 25. Rxh8+ Ke7 26. Rxd8 Kxd8 27.
cxb5 axb5 28. Bxb5 Bxg2 29. Kd2 Bd5 30. a4 f5 31. Rc1 Ra8 32. b4 Ra7 33. Rg1
Rh7 34. Ke2 Kc7 35. Rc1+ Kb7 36. Rd1 Bc6 1-0

[Event "M.Chigorin Memorial"]
[Site "St. Petersburg RUS"]
[Date "2009.10.17"]
[Round "2.27"]
[White "Solovjov, Sergey I"]
[Black "Safarli, Eltaj"]
[Result "1/2-1/2"]
[WhiteElo "2398"]
[BlackElo "2587"]
[PlyCount "41"]
[EventDate "2009.??.??"]

1. e4 e5 2. Nf3 Nc6 3. Bb5 a6 4. Ba4 Nf6 5. O-O Be7 6. Re1 b5 7. Bb3 d6 8. c3
O-O 9. h3 Na5 10. Bc2 d5 11. d4 Nxe4 12. dxe5 f5 13. exf6 Bxf6 14. Nbd2 Nxd2
15. Qxd2 Nc4 16. Qd3 g6 17. Bh6 Nxb2 18. Qe2 Bg7 19. Bg5 Bf6 20. Bh6 Bg7 21.
Bg5 1/2-1/2

[Event "M.Chigorin Memorial"]
[Site "St. Petersburg RUS"]
[Date "2009.10.17"]
[Round "2.29"]
[White "Maletin, Pavel"]
[Black "Khuseinkhodzhaev, Muhammad"]
[Result "1-0"]
[WhiteElo "2576"]
[BlackElo "2391"]
[PlyCount "89"]
[EventDate "2009.??.??"]

1. d4 d5 2. c4 dxc4 3. e4 Nf6 4. e5 Nd5 5. Bxc4 Nb6 6. Bd3 Nc6 7. Be3 Nb4 8.
Be4 f5 9. exf6 exf6 10. Nc3 f5 11. Bb1 N4d5 12. Nf3 Be7 13. O-O O-O 14. Re1 Bf6
15. a4 a5 16. Ba2 Kh8 17. Bd2 c6 18. Ne5 Bxe5 19. dxe5 Be6 20. Ne2 Nc7 21. Be3
Nc4 22. Bc5 Qxd1 23. Rexd1 Rfe8 24. b3 Na6 25. Bd4 Na3 26. Bb2 Nc2 27. Rac1
Ncb4 28. Bb1 Bxb3 29. Rd7 Be6 30. Rxb7 Bc8 31. Rb6 Nc7 32. Nf4 g5 33. Nh5 Ncd5
34. Nf6 Nxb6 35. Nxe8 Nxa4 36. Ba1 Kg8 37. e6 Kf8 38. Nf6 Bxe6 39. Nxh7+ Ke7
40. Nxg5 Bd7 41. h4 c5 42. h5 Ra6 43. Bg7 Be8 44. h6 Bg6 45. g4 1-0

[Event "M.Chigorin Memorial"]
[Site "St. Petersburg RUS"]
[Date "2009.10.17"]
[Round "2.30"]
[White "Yaksin, Oleg"]
[Black "Yakovich, Yuri"]
[Result "1/2-1/2"]
[WhiteElo "2385"]
[BlackElo "2576"]
[PlyCount "38"]
[EventDate "2009.??.??"]

1. d4 Nf6 2. c4 e6 3. g3 c5 4. Nf3 cxd4 5. Nxd4 Bb4+ 6. Bd2 Be7 7. Bg2 Nc6 8.
Bc3 O-O 9. O-O d5 10. cxd5 Nxd5 11. Nxc6 bxc6 12. Qc2 Ba6 13. Rd1 Qb6 14. e4
Nb4 15. Bxb4 Qxb4 16. a3 Qc5 17. Qxc5 Bxc5 18. Bf1 Bb7 19. Nc3 Rfd8 1/2-1/2

[Event "M.Chigorin Memorial"]
[Site "St. Petersburg RUS"]
[Date "2009.10.17"]
[Round "2.31"]
[White "Matlakov, Maxim"]
[Black "Vlasenko, Miroslav"]
[Result "1/2-1/2"]
[WhiteElo "2574"]
[BlackElo "2384"]
[PlyCount "65"]
[EventDate "2009.??.??"]

1. d4 Nf6 2. c4 e6 3. Nf3 Bb4+ 4. Bd2 Qe7 5. g3 Nc6 6. Bg2 Bxd2+ 7. Qxd2 Ne4 8.
Qc2 Qb4+ 9. Kf1 f5 10. a3 Qe7 11. Nc3 Nxc3 12. Qxc3 O-O 13. d5 Nd8 14. Nd4 c6
15. dxe6 dxe6 16. Nf3 Nf7 17. Ne5 Qc7 18. f4 Nxe5 19. fxe5 f4 20. Bf3 b6 21.
Rd1 Bb7 22. Rd6 c5 23. Kg2 Rae8 24. g4 Qf7 25. Rhd1 Bxf3+ 26. exf3 h5 27. h3
Qg6 28. Rd7 Rf7 29. Rxf7 Kxf7 30. b4 Qg5 31. bxc5 bxc5 32. Qb2 Rd8 33. Qb7+
1/2-1/2

[Event "M.Chigorin Memorial"]
[Site "St. Petersburg RUS"]
[Date "2009.10.17"]
[Round "2.32"]
[White "Bodnaruk, Anastasia"]
[Black "Kryakvin, Dmitry"]
[Result "0-1"]
[WhiteElo "2384"]
[BlackElo "2571"]
[PlyCount "66"]
[EventDate "2009.??.??"]

1. e4 c5 2. Nf3 Nc6 3. d4 cxd4 4. Nxd4 Nf6 5. Nc3 d6 6. Bg5 e6 7. Qd2 Be7 8.
O-O-O O-O 9. f3 d5 10. exd5 Nxd5 11. Bxe7 Ncxe7 12. Bc4 Nxc3 13. Qxc3 Nd5 14.
Qd2 Nb6 15. Bb3 Bd7 16. Qf4 Qb8 17. Qe4 a5 18. c3 a4 19. Bc2 f5 20. Qh4 e5 21.
Ne2 Qc7 22. Qb4 Rf6 23. b3 Rc6 24. g4 fxg4 25. fxg4 Be6 26. Qe4 g6 27. Rhf1
axb3 28. axb3 Rxc3 29. Rf3 Rc5 30. Rf6 Rxc2+ 31. Qxc2 Ra1+ 32. Kd2 Rxd1+ 33.
Kxd1 Qd8+ 0-1

[Event "M.Chigorin Memorial"]
[Site "St. Petersburg RUS"]
[Date "2009.10.17"]
[Round "2.33"]
[White "Yemelin, Vasily"]
[Black "Aleshin, Oleg"]
[Result "1-0"]
[WhiteElo "2570"]
[BlackElo "2377"]
[PlyCount "97"]
[EventDate "2009.??.??"]

1. e4 c6 2. d4 d5 3. e5 Bf5 4. Nd2 e6 5. Nb3 Nd7 6. Nf3 h6 7. Be2 Ne7 8. O-O
Nc8 9. a4 Be7 10. a5 a6 11. Be3 O-O 12. Nfd2 Na7 13. c4 dxc4 14. Nxc4 Nb5 15.
Nc5 Rb8 16. Rc1 Qc7 17. b4 Rfd8 18. Qb3 Nxc5 19. dxc5 Nd4 20. Bxd4 Rxd4 21. Qc3
Rdd8 22. Nd6 Bg6 23. f4 Bxd6 24. cxd6 Qc8 25. Qe3 Rf8 26. h4 Qd8 27. h5 Bh7 28.
g3 Kh8 29. Kg2 Rg8 30. Rf2 Qd7 31. g4 f6 32. Bc4 Rgf8 33. Rcf1 Rbe8 34. Kg3 Bg8
35. Qd4 f5 36. g5 hxg5 37. fxg5 Rc8 38. g6 c5 39. bxc5 Qd8 40. Qh4 Qxh4+ 41.
Kxh4 Rxc5 42. Rc2 Rxe5 43. Rd1 Rc5 44. d7 Rd8 45. Bb3 Rxc2 46. Bxc2 f4 47. Ba4
e5 48. Re1 f3 49. Kg3 1-0

[Event "M.Chigorin Memorial"]
[Site "St. Petersburg RUS"]
[Date "2009.10.17"]
[Round "2.35"]
[White "Melkumyan, Hrant"]
[Black "Serov, Maksim"]
[Result "0-1"]
[WhiteElo "2569"]
[BlackElo "2377"]
[PlyCount "150"]
[EventDate "2009.??.??"]

1. d4 Nf6 2. c4 g6 3. Nc3 Bg7 4. Nf3 O-O 5. e4 d6 6. Be2 e5 7. O-O exd4 8. Nxd4
Re8 9. f3 Nc6 10. Nc2 Nh5 11. g4 Nf6 12. Kh1 Be6 13. Nd5 Nd7 14. Rg1 a6 15. Be3
b5 16. cxb5 axb5 17. Bxb5 Nce5 18. Be2 c6 19. Nc3 Nb6 20. Nd4 Nbc4 21. Nxe6
fxe6 22. Bc1 Qb6 23. Qc2 Ne3 24. Bxe3 Qxe3 25. Qc1 Qb6 26. f4 Nd7 27. Qd2 d5
28. Bf3 Rab8 29. b3 Qd4 30. Qxd4 Bxd4 31. Rgc1 Be3 32. Rc2 Bxf4 33. Ne2 Be3 34.
Ng3 Ne5 35. Be2 d4 36. Rd1 Rbd8 37. Nf1 Bf4 38. Rd3 Nxd3 39. Bxd3 Rd6 40. Kg2
e5 41. a4 Kg7 42. Nd2 Bxd2 43. Rxd2 Rb8 44. Bc4 Rf6 45. h3 Rf4 46. Re2 Kf6 47.
a5 Ke7 48. a6 Kd6 49. g5 Kc5 50. Rc2 Kb6 51. Bd3 c5 52. Rc4 Rf7 53. Ra4 Rbf8
54. Ra2 Ra7 55. Rc2 Raf7 56. Ra2 Ka7 57. Bc4 Rf3 58. Ra5 Rf2+ 59. Kg1 Kb6 60.
Rb5+ Kxa6 61. Rxc5+ Kb6 62. Rxe5 Rd2 63. b4 Ra8 64. Re6+ Kc7 65. Ba6 d3 66. b5
Rb2 67. Rc6+ Kd7 68. e5 Ke7 69. Rc1 d2 70. Rd1 Rf8 71. Kg2 Rf5 72. Bc8 Rxg5+
73. Kf2 Rxe5 74. b6 Rc5 75. b7 Rc1 0-1

[Event "M.Chigorin Memorial"]
[Site "St. Petersburg RUS"]
[Date "2009.10.17"]
[Round "2.36"]
[White "Ivanov, Sergey A"]
[Black "Shomoev, Anton"]
[Result "1/2-1/2"]
[WhiteElo "2375"]
[BlackElo "2566"]
[PlyCount "46"]
[EventDate "2009.??.??"]

1. e4 c5 2. c3 d5 3. exd5 Qxd5 4. d4 Nf6 5. Nf3 Bg4 6. Be2 cxd4 7. cxd4 e6 8.
Nc3 Qd6 9. h3 Bh5 10. O-O Nc6 11. a3 Be7 12. Be3 O-O 13. Qb3 Rfd8 14. Rfd1 Nd5
15. Rd2 Na5 16. Qa4 Qb6 17. Nxd5 exd5 18. b4 Nc4 19. Bxc4 dxc4 20. Ne5 Qe6 21.
b5 Rac8 22. Rc2 Bf6 23. Rxc4 Rxc4 1/2-1/2

[Event "M.Chigorin Memorial"]
[Site "St. Petersburg RUS"]
[Date "2009.10.17"]
[Round "2.37"]
[White "Grigoriants, Sergey"]
[Black "Pakhomov, Egor"]
[Result "1/2-1/2"]
[WhiteElo "2564"]
[BlackElo "2371"]
[PlyCount "47"]
[EventDate "2009.??.??"]

1. e4 e6 2. d4 d5 3. Nc3 Bb4 4. e5 c5 5. a3 Bxc3+ 6. bxc3 Ne7 7. Qg4 Kf8 8. Bd2
Qc7 9. Bd3 b6 10. Nf3 Ba6 11. dxc5 bxc5 12. O-O Bxd3 13. cxd3 Nd7 14. d4 h6 15.
Rfc1 c4 16. a4 Kg8 17. Rc2 Nf5 18. Bc1 Rb8 19. Ba3 Kh7 20. Qf4 g5 21. Qc1 g4
22. Nd2 f6 23. exf6 Nxf6 24. Qe1 1/2-1/2

[Event "M.Chigorin Memorial"]
[Site "St. Petersburg RUS"]
[Date "2009.10.17"]
[Round "2.38"]
[White "Shchukin, Dmitry"]
[Black "Chadaev, Nikolai"]
[Result "0-1"]
[WhiteElo "2368"]
[BlackElo "2561"]
[PlyCount "102"]
[EventDate "2009.??.??"]

1. d4 Nf6 2. c4 e6 3. Nf3 b6 4. a3 Ba6 5. Qc2 Bb7 6. Nc3 c5 7. d5 exd5 8. cxd5
Nxd5 9. Bg5 f6 10. Nxd5 Bxd5 11. O-O-O Be6 12. Bf4 Nc6 13. e4 g5 14. Bg3 g4 15.
Nh4 Nd4 16. Rxd4 cxd4 17. Ba6 Bh6+ 18. Kb1 O-O 19. Bd6 Re8 20. Nf5 Bxf5 21.
exf5 Bf8 22. Bc7 Qe7 23. Bb7 Rac8 24. Qb3+ Kh8 25. Bxc8 Rxc8 26. Bg3 Qe4+ 27.
Ka2 Qxf5 28. Re1 Kg7 29. f3 gxf3 30. gxf3 Qc5 31. Rg1 Kh8 32. Be5 Bg7 33. Qf7
Qc4+ 34. Qxc4 Rxc4 35. Kb3 b5 36. Bb8 a5 37. Re1 a4+ 38. Ka2 Bf8 39. Re8 Kg7
40. Rd8 Kf7 41. Rxd7+ Ke6 42. Rd8 Be7 43. Rg8 d3 44. Rg1 Kd5 45. Rd1 Kd4 46.
Bf4 Rc2 47. Kb1 b4 48. axb4 Bxb4 49. Rg1 Kc4 50. Rg4 Kb3 51. Bc1 Rxh2 0-1

[Event "M.Chigorin Memorial"]
[Site "St. Petersburg RUS"]
[Date "2009.10.17"]
[Round "2.39"]
[White "Del Rio De Angelis, Salvad"]
[Black "Demianjuk, Alexander"]
[Result "1/2-1/2"]
[WhiteElo "2559"]
[BlackElo "2367"]
[PlyCount "62"]
[EventDate "2009.??.??"]

1. d4 d5 2. c4 c6 3. Nf3 Nf6 4. Nc3 a6 5. a4 e6 6. g3 dxc4 7. Bg2 c5 8. O-O
cxd4 9. Nxd4 e5 10. Nc2 Qxd1 11. Rxd1 Nc6 12. Nd5 Nxd5 13. Bxd5 Na5 14. Ne3 Bb4
15. Nxc4 Nxc4 16. Bxc4 Ke7 17. Bd2 Bd6 18. Bg5+ f6 19. Be3 Bf5 20. Bd5 a5 21.
Bxb7 Rab8 22. Ba6 Rxb2 23. Rd5 Ra8 24. Rb5 Bb4 25. Rb7+ Kf8 26. Bc4 Rc8 27. Rc1
Bd2 28. Rf7+ Ke8 29. Bxd2 Rxc4 30. Rxc4 Kxf7 31. Bxa5 Bh3 1/2-1/2

[Event "M.Chigorin Memorial"]
[Site "St. Petersburg RUS"]
[Date "2009.10.17"]
[Round "2.40"]
[White "Evdokimov, Alexander A"]
[Black "Predke, Alexander"]
[Result "1-0"]
[WhiteElo "2556"]
[BlackElo "2361"]
[PlyCount "93"]
[EventDate "2009.??.??"]

1. e4 e5 2. Nf3 Nc6 3. Bb5 a6 4. Ba4 Nf6 5. O-O b5 6. Bb3 Bb7 7. d3 Be7 8. a4
O-O 9. Re1 d6 10. Bd2 Qd7 11. Nc3 Nd4 12. Nxd4 exd4 13. Ne2 c5 14. Ng3 d5 15.
e5 Ne8 16. c3 dxc3 17. bxc3 f5 18. d4 c4 19. Bc2 g6 20. Bh6 Ng7 21. Qf3 b4 22.
cxb4 Bxb4 23. Red1 a5 24. h4 Rfe8 25. h5 Qf7 26. Kh2 Ne6 27. Ne2 Bc6 28. Rh1
Be7 29. Kg1 Bg5 30. hxg6 hxg6 31. Bxg5 Nxg5 32. Qg3 Ne6 33. Qh4 Qg7 34. Ra3 Kf7
35. Rah3 Rab8 36. g4 Rg8 37. Kf1 f4 38. g5 Rb2 39. Qg4 Rxc2 40. Rh7 Bd7 41. Qf3
Bc6 42. Nxf4 Rc1+ 43. Kg2 Nxd4 44. e6+ Ke8 45. Rxg7 Rxg7 46. Rh8+ Ke7 47. Qa3#
1-0

[Event "M.Chigorin Memorial"]
[Site "St. Petersburg RUS"]
[Date "2009.10.17"]
[Round "2.41"]
[White "Biriukov, Oleg V"]
[Black "Ovetchkin, Roman"]
[Result "1-0"]
[WhiteElo "2362"]
[BlackElo "2556"]
[PlyCount "147"]
[EventDate "2009.??.??"]

1. d4 d6 2. Nf3 Bg4 3. c4 Nd7 4. Nc3 e5 5. g3 Ngf6 6. Bg2 c6 7. O-O Be7 8. h3
Bh5 9. Nh4 O-O 10. Nf5 Bg6 11. e4 Bxf5 12. exf5 Nb6 13. dxe5 dxe5 14. Qe2 Qd4
15. Rd1 Qxc4 16. Qxe5 Bb4 17. Be3 Bxc3 18. Qxc3 Qxc3 19. bxc3 Nfd5 20. Bd4 Rfe8
21. Kf1 Nc4 22. Bxd5 cxd5 23. f6 g6 24. Bc5 Rad8 25. Rab1 Rd7 26. Bxa7 Ra8 27.
Rb4 Ne5 28. Bd4 Nc6 29. Rb2 Ra6 30. Be3 Ne5 31. Rb5 Nc4 32. Bg5 h6 33. Bxh6
Rxf6 34. Rbxd5 Rxd5 35. Rxd5 Ra6 36. Rb5 Rxa2 37. Rxb7 Rc2 38. Rb3 f6 39. Rb7
g5 40. Bg7 Nd6 41. Re7 Nf5 42. Bxf6 Nxe7 43. Bxe7 g4 44. hxg4 Rxc3 45. Bf6 Rc4
46. g5 Kf7 47. Kg2 Kg6 48. f4 Ra4 49. Kf3 Ra3+ 50. Kg4 Ra4 51. Bc3 Rc4 52. Bd2
Rd4 53. Be3 Re4 54. Kf3 Ra4 55. g4 Kf7 56. f5 Kg7 57. Bc5 Rc4 58. Bd6 Rc3+ 59.
Kf4 Rc4+ 60. Kg3 Rc3+ 61. Kh4 Re3 62. Be7 Re1 63. Bf6+ Kf7 64. Bd4 Rh1+ 65. Kg3
Rd1 66. g6+ Kg8 67. Be5 Rg1+ 68. Kf4 Rf1+ 69. Kg5 Re1 70. Bf4 Rd1 71. f6 Rd5+
72. Kh6 Rd1 73. f7+ Kf8 74. Kh7 1-0

[Event "M.Chigorin Memorial"]
[Site "St. Petersburg RUS"]
[Date "2009.10.17"]
[Round "2.42"]
[White "Ionov, Sergey"]
[Black "Dzhumagaliev, Yan"]
[Result "1/2-1/2"]
[WhiteElo "2554"]
[BlackElo "2358"]
[PlyCount "83"]
[EventDate "2009.??.??"]

1. d4 Nf6 2. c4 e6 3. Nc3 Bb4 4. f3 O-O 5. a3 Bxc3+ 6. bxc3 d5 7. cxd5 exd5 8.
e3 c5 9. Bd3 Nc6 10. Ne2 b6 11. O-O Bb7 12. Ng3 Rc8 13. Bb2 Na5 14. e4 cxd4 15.
cxd4 Nc4 16. Bxc4 Rxc4 17. e5 Ne8 18. Nf5 Qd7 19. g4 Ba6 20. Qd2 Nc7 21. Rae1
Ne6 22. Nd6 Rc6 23. Rf2 Nc7 24. f4 Qxg4+ 25. Rg2 Qd7 26. f5 f6 27. Qf4 Ne8 28.
Nxe8 Rxe8 29. Re3 Bc8 30. e6 Qc7 31. Qf2 Ba6 32. h3 b5 33. Reg3 Re7 34. Qd2 Qc8
35. Kh2 Rec7 36. Qf4 Rc2 37. Qf3 Rxg2+ 38. Rxg2 Rc2 39. Qg3 Rxg2+ 40. Qxg2 Qc7+
41. Kg1 Bb7 42. Qf2 1/2-1/2

[Event "M.Chigorin Memorial"]
[Site "St. Petersburg RUS"]
[Date "2009.10.17"]
[Round "2.43"]
[White "Battaglini, Gabriel"]
[Black "Rychagov, Andrey"]
[Result "0-1"]
[WhiteElo "2360"]
[BlackElo "2552"]
[PlyCount "78"]
[EventDate "2009.??.??"]

1. e4 c5 2. c3 e6 3. d4 d5 4. exd5 exd5 5. Bb5+ Nc6 6. Qe2+ Be7 7. dxc5 Nf6 8.
Nf3 O-O 9. Be3 Re8 10. b4 Ng4 11. O-O Bf6 12. Qd2 Nxe3 13. fxe3 a5 14. Nd4 Bd7
15. Bxc6 bxc6 16. a4 Bg5 17. Re1 Qe7 18. Qd3 axb4 19. cxb4 Bxe3+ 20. Kh1 Qh4
21. Nf3 Bxc5 22. Nc3 Rxe1+ 23. Rxe1 Qxb4 24. Rb1 Qg4 25. Rf1 Qf5 26. Qe2 Bd6
27. Ra1 h6 28. a5 Qf6 29. Qd3 Bb4 30. Nd4 Rxa5 31. Rb1 Qg6 32. Qe3 Ra3 33. Nde2
Bd6 34. Qb6 Qh5 35. g3 Qe5 36. Qd8+ Qe8 37. Qh4 c5 38. Qh5 Bc6 39. Nxd5 Qe4+
0-1

[Event "M.Chigorin Memorial"]
[Site "St. Petersburg RUS"]
[Date "2009.10.17"]
[Round "2.44"]
[White "Vysochin, Spartak"]
[Black "Fedoseev, Vladimir"]
[Result "1/2-1/2"]
[WhiteElo "2550"]
[BlackElo "2352"]
[PlyCount "109"]
[EventDate "2009.??.??"]

1. e4 c6 2. d4 d5 3. e5 Bf5 4. Nd2 e6 5. Nb3 Nd7 6. Nf3 c5 7. Nxc5 Bxc5 8. dxc5
Qa5+ 9. c3 Qxc5 10. Nd4 Nxe5 11. Be3 Qd6 12. Qa4+ Nc6 13. Nb5 Qd7 14. Bc5 Nge7
15. Nd6+ Kf8 16. Nxf5 exf5 17. O-O-O g6 18. Bd4 Rg8 19. Bb5 Qd6 20. Bxc6 Nxc6
21. g3 a6 22. Rhe1 b5 23. Qb3 Rd8 24. f4 f6 25. Bb6 Rd7 26. a4 bxa4 27. Qxa4
Kg7 28. Qxa6 Rb8 29. Bf2 Rdb7 30. Rd2 Rb5 31. Ba7 R8b7 32. Bf2 Qd7 33. Red1 Ra5
34. Rxd5 Rxd5 35. Rxd5 Qxd5 36. Qxb7+ Kh6 37. Qb6 Na5 38. b4 Nb3+ 39. Kc2 Nd2
40. Qxf6 Nf3 41. Qf8+ Kh5 42. Qe7 Qd2+ 43. Kb3 Qxf2 44. Qxh7+ Kg4 45. Qxg6+ Kh3
46. Qxf5+ Kxh2 47. g4 Nd2+ 48. Ka4 Qa7+ 49. Kb5 Qb7+ 50. Kc5 Qc7+ 51. Kd5 Qc4+
52. Kd6 Ne4+ 53. Ke7 Nxc3 54. Qc5 Qe4+ 55. Qe5 1/2-1/2

[Event "M.Chigorin Memorial"]
[Site "St. Petersburg RUS"]
[Date "2009.10.17"]
[Round "2.45"]
[White "Pankov, German"]
[Black "Zherebukh, Yaroslav"]
[Result "1/2-1/2"]
[WhiteElo "2359"]
[BlackElo "2544"]
[PlyCount "100"]
[EventDate "2009.??.??"]

1. d4 Nf6 2. c4 e6 3. Nc3 Bb4 4. Bg5 h6 5. Bh4 c5 6. e3 cxd4 7. exd4 b6 8. Nf3
Bb7 9. Bd3 O-O 10. O-O Bxc3 11. bxc3 d6 12. Re1 Nbd7 13. a4 a5 14. Nd2 Qc7 15.
Rb1 Rfe8 16. Rb2 Bc6 17. Nb1 e5 18. Bg3 exd4 19. Rxe8+ Rxe8 20. cxd4 Qb7 21. f3
d5 22. c5 Qa7 23. Bb5 Re6 24. Bf2 bxc5 25. dxc5 Nxc5 26. Rc2 d4 27. Qxd4 Bxb5
28. axb5 Qe7 29. Nd2 Ncd7 30. Rc6 Rxc6 31. bxc6 Ne5 32. Qb6 Ne8 33. Bc5 Nc4 34.
Bxe7 Nxb6 35. Bd8 Nd5 36. Bxa5 Ne7 37. c7 f6 38. Nb3 Kf7 39. Nd4 Nc8 40. Kf2
Ke7 41. Nf5+ Kd7 42. g4 Ncd6 43. Nxd6 Nxd6 44. Kg3 g5 45. h4 Ne8 46. c8=B+ Kxc8
47. Bb4 Kd7 48. Bf8 gxh4+ 49. Kxh4 Ke6 50. Bxh6 Nc7 1/2-1/2

[Event "M.Chigorin Memorial"]
[Site "St. Petersburg RUS"]
[Date "2009.10.17"]
[Round "2.46"]
[White "Nukin, Askhat"]
[Black "Zontakh, Andrey"]
[Result "1-0"]
[WhiteElo "2353"]
[BlackElo "2540"]
[PlyCount "53"]
[EventDate "2009.??.??"]

1. e4 c6 2. d3 e5 3. Nf3 Nf6 4. g3 g6 5. Bg2 Bg7 6. O-O d6 7. b3 O-O 8. Bb2 c5
9. Nbd2 Nc6 10. c3 d5 11. exd5 Nxd5 12. Re1 Re8 13. Qc2 Bf5 14. Ne4 b6 15. Nfd2
Be6 16. Nc4 Bf8 17. Rad1 f5 18. Ned2 Bg7 19. Nf3 Bf7 20. Qc1 h6 21. d4 e4 22.
Nfe5 Nxe5 23. dxe5 Qe7 24. f3 Red8 25. fxe4 fxe4 26. Bxe4 Rab8 27. e6 1-0